000
00330nam a2200133Ia 4500
008
240624s9999 xx 000 0 und d
041
_a
eng
082
_a
338.5 GAL
100
_a
GALBRAITH JOHN KENNETH
245
_a
GREAT CRASH 1929
260
_c
1992
_a
New Delhi
_b
Penguin Books
300
_a
222 : p. : cm. ; 19
365
_c
_b
15
999
_c
13533
_d
13533